Advanced green chemistry. (Record no. 49790)
[ view plain ]
| 000 -LEADER | |
|---|---|
| fixed length control field | 02731nmm a2200373 a 4500 |
| 003 - CONTROL NUMBER IDENTIFIER | |
| control field | WSP |
| 005 - DATE AND TIME OF LATEST TRANSACTION | |
| control field | 20260416153417.0 |
| 008 - FIXED-LENGTH DATA ELEMENTS--GENERAL INFORMATION | |
| fixed length control field | 171124s2018 si a ob 001 0 eng d |
| 020 ## - INTERNATIONAL STANDARD BOOK NUMBER | |
| International Standard Book Number | 9789813228115 |
| -- | (ebook) |
| 020 ## - INTERNATIONAL STANDARD BOOK NUMBER | |
| Cancelled/invalid ISBN | 9789813228108 |
| -- | (hbk.) |
| 082 04 - DEWEY DECIMAL CLASSIFICATION NUMBER | |
| Classification number | 660.028/6 |
| Edition number | 23 |
| 245 00 - TITLE STATEMENT | |
| Title | Advanced green chemistry. |
| Statement of responsibility, etc | edited by Istvan T. Horvath, Max Malacria. |
| 246 30 - VARYING FORM OF TITLE | |
| Title proper/short title | Greener organic reactions and processes |
| 260 ## - PUBLICATION, DISTRIBUTION, ETC. (IMPRINT) | |
| Place of publication, distribution, etc | Singapore : |
| Name of publisher, distributor, etc | World Scientific Publishing Co. Pte Ltd., |
| Date of publication, distribution, etc | ©2018. |
| 300 ## - PHYSICAL DESCRIPTION | |
| Extent | 1 online resource (302 p.) : |
| Other physical details | ill. (some col.) |
| 520 ## - SUMMARY, ETC. | |
| Summary, etc | "Green Chemistry has evolved in response to several environmental issues in the second half of the last century, mostly due to the almost freely expanding chemical, petrochemical, and pharmaceutical industries. During the past two decades Green Chemistry grew rapidly and we can now consider this area as a mature and powerful field. Tremendous development has taken place in many important areas including renewable energy and resources, reaction environments, catalysis, synthesis, chemical biology, green materials, in situ monitoring and facile recycling. The combination of Green Chemistry with engineering, biology, toxicology, and physics will lead to novel interdisciplinary systems, which can now lift Green Chemistry to the next, advanced level. The editors of this book have assembled as authors among the best specialists of this growing area of research. This collection of reviews and perspectives provides an exciting vision of the more recent developments in Green Chemistry. It illustrates the breath of the field and its role to address environmental issues. This volume will serve as a book of reference showing a panoramic view of the field and a preview of its future direction as well as a book of inspiration for those aiming to further advance its frontiers."-- |
| 650 #0 - SUBJECT ADDED ENTRY--TOPICAL TERM | |
| Topical term or geographic name as entry element | Green chemistry. |
| 650 #0 - SUBJECT ADDED ENTRY--TOPICAL TERM | |
| Topical term or geographic name as entry element | Environmental chemistry. |
| 650 #0 - SUBJECT ADDED ENTRY--TOPICAL TERM | |
| Topical term or geographic name as entry element | Electronic books. |
| 700 1# - ADDED ENTRY--PERSONAL NAME | |
| Personal name | Horváth, István T. |
| 700 1# - ADDED ENTRY--PERSONAL NAME | |
| Personal name | Malacria, Max, |
| 856 40 - ELECTRONIC LOCATION AND ACCESS | |
| Uniform Resource Identifier | <a href="http://www.worldscientific.com/worldscibooks/10.1142/10657#t=toc">http://www.worldscientific.com/worldscibooks/10.1142/10657#t=toc</a> |
| 942 ## - ADDED ENTRY ELEMENTS (KOHA) | |
| Koha item type | Electronic Books |
| 245 00 - TITLE STATEMENT | |
| Number of part/section of a work | Part 1, |
| Name of part/section of a work | Greener organic reactions and processes / |
| 490 0# - SERIES STATEMENT | |
| Series statement | Series on chemistry, energy and the environment ; |
| Volume number/sequential designation | vol. 3 |
| 538 ## - SYSTEM DETAILS NOTE | |
| System details note | Mode of access: World Wide Web. |
| 588 ## - | |
| -- | Description based on online resource; title from PDF title page (viewed November 29, 2017). |
| 533 ## - REPRODUCTION NOTE | |
| Type of reproduction | Electronic reproduction. |
| Place of reproduction | Singapore : |
| Agency responsible for reproduction | World Scientific, |
| Date of reproduction | [2017] |
| 504 ## - BIBLIOGRAPHY, ETC. NOTE | |
| Bibliography, etc | Includes bibliographical references and index. |
| 520 ## - SUMMARY, ETC. | |
| -- | Provided by publisher. |
| 700 1# - ADDED ENTRY--PERSONAL NAME | |
| Dates associated with a name | 1949- |
| Withdrawn status | Lost status | Source of classification or shelving scheme | Damaged status | Not for loan | Home library | Location | Date of Cataloging | Total Checkouts | Full call number | Barcode | Date last seen | Uniform Resource Identifier | Price effective from | Koha item type |
|---|---|---|---|---|---|---|---|---|---|---|---|---|---|---|
| Dewey Decimal Classification | CUTN Central Library | CUTN Central Library | 16/04/2026 | 660.028/6 | EB04926 | 16/04/2026 | https://doi.org/10.1142/10657 | 16/04/2026 | Electronic Books |
